00582nam a2200193Ia 4500008004100000041000800041082001800049100001600067245006100083260004200144300000800186365001000194650002000204650002000224650001600244942001200260999001900272952009700291140306s9999 xx 000 0 und d aeng a332.4bHAJ/MO aHajela, T N aMoney , banking , international trade and public finance aAgrabShiva lal agarwala and coc1989 a636 bRs.40 aBusiness cycles aForeign exchage aMoney thery 2ddccBK c182837d182837 00102ddc4070aKAUCBVbKAUCBVg40.00l0o332.4 HAJ/MOr2014-03-22 00:00:00w2014-03-22yBK